| 000 | 00658nam 22002173 4500 | ||
|---|---|---|---|
| 001 | 201612 | ||
| 010 | _a972-22-0527-7 | ||
| 021 |
_aPT _b12021/98 |
||
| 090 | _a201612 | ||
| 100 | _a20260401d u||y0pory50 ba | ||
| 200 |
_aAnita no circo _ftexto de Gilbert Delahaye, ilustrações Marcel Marlier, |
||
| 210 |
_aLisboa _cEditorial Verbo _dD. L. 1998 |
||
| 215 |
_a19 p. _cil. ; encadernado _d25 cm |
||
| 225 |
_aAnita _h7 |
||
| 606 |
_944 _aLiteratura Infantil Francesa |
||
| 675 |
_a821.133.1-93 _vPT _zpor |
||
| 700 |
_91457 _aDelahaye _bGilbert _f1923-1997 |
||
| 701 |
_91458 _aMarlier _bMarcel _f1930-2011 |
||
| 801 |
_aPT _bBMMN _gRPC |
||
| 830 | _cIsabel | ||
| 990 | _cLIVROS | ||